| 000 | 00388nam a2200109Ia 4500 | ||
|---|---|---|---|
| 008 | 171204s9999 xx 000 0 und d | ||
| 245 | _aInformation Literacy and Cultural Heritage: Developing a Model for Lifelong Learning: | ||
| 245 | _cKim Baker | ||
| 260 | _c2013 | ||
| 650 | _xDIGITAL INFORMATION AND COMMUNICATION DEVELOPMENT | ||
| 856 | _uhttp://down.ebook777.com/059/9781843347200.pdf | ||
| 999 |
_c346296 _d346296 |
||